Ο φτωχούλης του Θεού
Αποθηκεύτηκε σε:
| Κύριος συγγραφέας: | |
|---|---|
| Μορφή: | Βιβλίο |
| Γλώσσα: | Greek |
| Δημοσίευση: |
Αθήνα :
Εκδόσεις Έθνος,
2014.
|
| Θέματα: | |
| Ετικέτες: |
Προσθήκη ετικέτας
Δεν υπάρχουν, Καταχωρήστε ετικέτα πρώτοι!
|
MARC
| LEADER | 00000cam a2200000 a 4500 | ||
|---|---|---|---|
| 001 | 1/112700 | ||
| 008 | 170118s2014####gr | ||| |||| ||gre|| | ||
| 020 | |a 9786185029678 | ||
| 040 | |a GR-MyUa |b gre |c GR-MyUa |e AACR2 | ||
| 041 | 0 | |a gre | |
| 082 | 7 | |a 889.3 |2 (23) | |
| 100 | 1 | |a Καζαντζάκης, Νίκος, |d 1883-1957. | |
| 245 | 1 | 2 | |a Ο φτωχούλης του Θεού / |c Νίκος Καζαντζάκης ; εισαγωγή, επιμέλεια Νίκος Μαθιουδάκης. |
| 260 | |a Αθήνα : |b Εκδόσεις Έθνος, |c 2014. | ||
| 300 | |a 412 σ. ; |c 21 εκ. | ||
| 650 | 0 | |a Greek fiction. | |
| 852 | |a INST |b SYROS |e 20170118 |h 889.3 ΚΑΖ |p 005500012855 |q 005500012855 |t BK |y 0 | ||
| 970 | |a Κοντού |b Παρασκευή |z 18/01/2017 | ||